Countries Closest to Kenya A-Z - Statistics

General Stats
  • This quiz has been taken 13 times
  • The average score is 20 of 25
Answer Stats
Country % Correct
E Ethiopia
100%
O Oman
100%
R Rwanda
100%
Y Yemen
100%
Z Zambia
100%
A Angola
92%
S Somalia
92%
D Djibouti
92%
J Jordan
92%
Q Qatar
92%
U Uganda
92%
G Gabon
83%
L Lesotho
83%
M Mozambique
83%
N Namibia
83%
T Tanzania
83%
B Burundi
75%
C Central African Republic
75%
I Israel
75%
F France
67%
H Hungary
67%
K Kuwait
50%
South Sudan
50%
V Vatican City
42%
P Palestine
17%
No matching quizzes found
Score Distribution
Percent of People with Each Score
Percentile by Number Answered
Your Score History
You have not taken this quiz